000 00325 a2200133 4500
000 nam a22 7a 4500
100 _aNaik, C. D.
110 _aNaik, C. D.
245 _aYug dristha Dr. Ambedkar
250 _aLatest edition
260 _bAayu Publications
_c2021
264 _bAayu Publications
_c2021
942 _cBK
999 _c394262
_d394262